BOUNDED RATIONAL CHOICE BEHAVIOUR APPLIC (Record no. 30065)

MARC details
000 -LEADER
fixed length control field 00347nam a2200133Ia 4500
008 - FIXED-LENGTH DATA ELEMENTS--GENERAL INFORMATION
fixed length control field 240624s9999 xx 000 0 und d
041 ## - LANGUAGE CODE
Language code of text/sound track or separate title eng
082 ## - DEWEY DECIMAL CLASSIFICATION NUMBER
Classification number 302.1 RAS
100 ## - MAIN ENTRY--PERSONAL NAME
Personal name RASOULI SOORA
245 ## - TITLE STATEMENT
Title BOUNDED RATIONAL CHOICE BEHAVIOUR APPLIC
260 ## - PUBLICATION, DISTRIBUTION, ETC.
Date of publication, distribution, etc. 2015
Place of publication, distribution, etc. United Kingdom
Name of publisher, distributor, etc. Emerald
300 ## - PHYSICAL DESCRIPTION
Extent xx, 268 p.; 23 cm.
365 ## - TRADE PRICE
Currency code BPS
Price amount 30
Holdings
Withdrawn status Lost status Damaged status Not for loan Home library Current library Shelving location Date acquired Cost, normal purchase price Full call number Barcode Date last seen Copy number Price effective from Koha item type
        IMTN IMTN Rack 5-A 12/06/2017 81.99 302.1 RAS 30065 06/24/2024 88 06/24/2024 Books
Designed & Maintained by: LRC IMT Nagpur Contact: lrc@imtnag.ac.in© 2024. All Rights Reserved.